| 000 | 00362nam a2200157Ia 4500 | ||
|---|---|---|---|
| 005 | 20240807062556.0 | ||
| 008 | 240806s9999||||xx |||||||||||||| ||eng|| | ||
| 041 | _aeng | ||
| 082 |
_a917.3 _bKULD |
||
| 100 | _aKamta Prasad | ||
| 245 | 0 |
_aDakshini america / _cKamta Prasad |
|
| 260 | _bKitab Ghar Kanpur | ||
| 300 | _a656 | ||
| 650 | _aGeography | ||
| 942 | _cBK | ||
| 999 |
_c23041 _d23041 |
||